Catálogo

Vista normal Vista MARC

Entrada Personal Name

Número de registros utilizados en: 1

001 - CONTROL NUMBER

  • control field: 17018

003 - CONTROL NUMBER IDENTIFIER

  • control field: DLC

005 - DATE AND TIME OF LATEST TRANSACTION

  • control field: 20250502112447.0

008 - FIXED-LENGTH DATA ELEMENTS

  • fixed length control field: 090313n| azannaabn |n aaa

010 ## - LIBRARY OF CONGRESS CONTROL NUMBER

  • LC control number: n 2009015699

035 ## - SYSTEM CONTROL NUMBER

  • System control number: (OCoLC)oca08045618

040 ## - CATALOGING SOURCE

  • Original cataloging agency: DLC
  • Language of cataloging: spa
  • Description conventions: rda
  • Transcribing agency: Mx-PuUPA
  • Modifying agency: ItFiC
  • Modifying agency: Mx-PuUPA

100 1# - HEADING--PERSONAL NAME

  • Personal name: Bersanelli, Marco,

374 ## - OCCUPATION

  • Occupation: Autor

375 ## - GENDER

  • Gender: hombre

377 ## - ASSOCIATED LANGUAGE

  • Language code: ita

670 ## - SOURCE DATA FOUND

  • Source citation: Bersanelli, Marco. From Galileo to Gell-Mann, c2009:
  • Information found: ECIP t.p. (Marco Bersanelli)

670 ## - SOURCE DATA FOUND

  • Source citation: Il grande spettacolo del cielo, 2016:
  • Information found: t.p. (Marco Bersanelli) back flap (b. 1960 in Milan, Italy)